[Event "10th American Continental (w)"]
[Site "Envigado COL"]
[Date "2018.11.20"]
[Round "5.5"]
[White "Cosme Contreras, Trilce"]
[Black "Marrero Lopez, Yaniet"]
[Result "0-1"]
[WhiteElo "1829"]
[BlackElo "2253"]
[EventDate "2018.11.17"]
[PlyCount "60"]

1.c4 e5 2.Nc3 d6 3.g3 g6 4.Bg2 Bg7 5.d3 Ne7 6.e3 O-O 7.Nge2 Nd7 8.O-O f5 
9.Rb1 Nf6 10.b4 c6 11.b5 c5 12.d4 e4 13.Kh1 Be6 14.d5 Bf7 15.f3 exf3 16.
Bxf3 Nd7 17.Bg2 Ne5 18.Qb3 g5 19.e4 h6 20.Be3 Bg6 21.Bg1 Rf7 22.a4 Qd7 23.
exf5 Bxf5 24.Ne4 Raf8 25.Qc2 Kh8 26.Rbe1 Ng8 27.Nc1 Nf6 28.Nxf6 Bxc2 29.
Nxd7 Rxf1 30.Bxf1 Rxf1 0-1

[Event "10th American Continental (w)"]
[Site "Envigado COL"]
[Date "2018.11.20"]
[Round "5.6"]
[White "Franco Valencia, Beatriz Irene"]
[Black "Gonzalez Ochoa, Yoana"]
[Result "1/2-1/2"]
[WhiteElo "2191"]
[BlackElo "2058"]
[EventDate "2018.11.17"]
[PlyCount "69"]

1.d4 d5 2.c4 c6 3.cxd5 cxd5 4.Bf4 Nc6 5.e3 Nf6 6.Nc3 a6 7.Bd3 Bg4 8.Nge2 
e6 9.O-O Be7 10.Rc1 O-O 11.Na4 Nd7 12.f3 Bh5 13.Qb3 Ra7 14.a3 Bg6 15.Bxg6 
hxg6 16.Nc5 Nxc5 17.dxc5 Qa5 18.Qc2 g5 19.Bg3 Rc8 20.Be1 Qd8 21.Nd4 Raa8 
22.b4 b6 23.Qa4 Ne5 24.Bg3 b5 25.Qb3 Nc4 26.Rfd1 Bf6 27.e4 e5 28.Nc2 d4 
29.a4 Qe8 30.Ra1 Qc6 31.Rd3 g4 32.Na3 Ne3 33.Nc2 Nc4 34.Na3 Ne3 35.Nc2 
1/2-1/2

[Event "10th American Continental (w)"]
[Site "Envigado COL"]
[Date "2018.11.20"]
[Round "5.7"]
[White "Roca Rojas, Ana Flavia"]
[Black "Cervantes Landeiro, Thalia"]
[Result "0-1"]
[WhiteElo "2132"]
[BlackElo "2098"]
[EventDate "2018.11.17"]
[PlyCount "120"]

1.e4 e5 2.Nc3 Nc6 3.Bc4 Nf6 4.d3 Na5 5.Nf3 Nxc4 6.dxc4 Bb4 7.Bd2 d6 8.Qe2 
Be6 9.O-O-O Nd7 10.Kb1 Bxc3 11.Bxc3 Qe7 12.Nd2 O-O-O 13.Nf1 f5 14.exf5 
Bxf5 15.Ne3 Be6 16.Rhe1 Rdf8 17.f3 Qg5 18.b3 h5 19.Nd5 Bxd5 20.Rxd5 h4 21.
h3 Kb8 22.Bd2 Qg3 23.Be3 Nf6 24.Rdd1 e4 25.Rf1 exf3 26.Qxf3 Qg6 27.Bd4 Nd7
28.Qd3 Qg5 29.Qc3 Ne5 30.c5 Qxg2 31.Rg1 Qe2 32.Rde1 Qf3 33.Bxe5 dxe5 34.
Qxe5 Qxh3 35.Rxg7 Qc8 36.Qh2 Qd8 37.a4 Re8 38.Reg1 Re7 39.Ka2 Rxg7 40.Rxg7
h3 41.Rf7 a6 42.Rg7 Rh5 43.Rg3 Qh8 44.c3 Ka7 45.Rf3 c6 46.Rd3 Qb8 47.Rd2 
Qxh2 48.Rxh2 Kb8 49.Kb2 Kc7 50.Kc2 Kd7 51.Kd2 Ke6 52.Ke2 Kd5 53.Kf3 Kxc5 
54.Kg4 Rh8 55.Kf4 a5 56.Kg4 b5 57.axb5 cxb5 58.Rh1 h2 59.Kf4 a4 60.bxa4 
bxa4 0-1

[Event "10th American Continental (w)"]
[Site "Envigado COL"]
[Date "2018.11.20"]
[Round "5.8"]
[White "Miranda Rodriguez, Tania"]
[Black "Rodriguez Rueda, Paula Andrea"]
[Result "0-1"]
[WhiteElo "2246"]
[BlackElo "2275"]
[EventDate "2018.11.17"]
[PlyCount "82"]

1.e4 c5 2.Nf3 d6 3.d4 cxd4 4.Nxd4 Nf6 5.Nc3 a6 6.Be3 e5 7.Nb3 Be6 8.f3 Be7
9.Qd2 O-O 10.O-O-O Nbd7 11.g4 b5 12.g5 Nh5 13.Kb1 b4 14.Nd5 Bxd5 15.exd5 
a5 16.Nc1 Nb6 17.b3 Qc7 18.Qf2 Rfb8 19.h4 a4 20.Bb5 a3 21.Bc6 Ra5 22.Rhg1 
f5 23.Ne2 f4 24.Bxb6 Rxb6 25.Rc1 Rc5 26.c3 Qb8 27.Qe1 g6 28.Qd2 Ng7 29.Qd3
Qc8 30.cxb4 Rxb4 31.Rxc5 dxc5 32.d6 Qxc6 33.dxe7 c4 34.Qd8+ Ne8 35.Rc1 Kf7
36.Qa5 Qd6 37.Rc3 cxb3 38.Qxa3 bxa2+ 39.Kxa2 Qd2+ 40.Ka1 Qd1+ 41.Rc1 Ra4 
0-1

[Event "10th American Continental (w)"]
[Site "Envigado COL"]
[Date "2018.11.20"]
[Round "5.9"]
[White "Aliaga Fernandez, Ingrid"]
[Black "Toro Castaneda, Elizabeth"]
[Result "1-0"]
[WhiteElo "2194"]
[BlackElo "1932"]
[EventDate "2018.11.17"]
[PlyCount "89"]

1.e4 c5 2.Nf3 Nc6 3.d4 cxd4 4.Nxd4 g6 5.c4 Bg7 6.Be3 Nf6 7.Nc3 d6 8.Be2 
O-O 9.O-O Bd7 10.Nb3 a5 11.Nd2 Ne5 12.f3 Bc6 13.Rc1 Ned7 14.Nb3 a4 15.Nd4 
Qa5 16.Qd2 Rfc8 17.Rfd1 Nc5 18.Bf1 Qd8 19.Nxc6 Rxc6 20.Nd5 Nxd5 21.exd5 
Rcc8 22.Re1 Qb6 23.Rc2 Bf6 24.Qf2 Qa5 25.Bd2 Qb6 26.Bc3 Bxc3 27.Rxc3 Re8 
28.Rce3 Qc7 29.Qh4 e5 30.f4 f5 31.g4 fxg4 32.Qxg4 Qd7 33.Qxd7 Nxd7 34.Bh3 
Nb6 35.b3 axb3 36.axb3 Ra3 37.Be6+ Kg7 38.fxe5 dxe5 39.c5 Na8 40.Rf1 Rf8 
41.Rxf8 Kxf8 42.d6 Ra1+ 43.Kg2 Rd1 44.Rxe5 b6 45.Rd5 1-0

[Event "10th American Continental (w)"]
[Site "Envigado COL"]
[Date "2018.11.20"]
[Round "5.10"]
[White "Castrillon Gomez, Melissa"]
[Black "Moncada Correa, Sara"]
[Result "1-0"]
[WhiteElo "2301"]
[BlackElo "1792"]
[EventDate "2018.11.17"]
[PlyCount "81"]

1.e4 c5 2.Nf3 e6 3.d4 cxd4 4.Nxd4 a6 5.Nc3 Qc7 6.Bd3 Nc6 7.Nxc6 dxc6 8.f4 
e5 9.Qf3 Nf6 10.f5 Bd7 11.g4 h6 12.h4 Be7 13.g5 Ng8 14.Bc4 O-O-O 15.Bxf7 
Qb6 16.Bb3 hxg5 17.hxg5 Rxh1+ 18.Qxh1 Bc5 19.Qf3 Bb4 20.Kf1 Bxc3 21.bxc3 
Qc5 22.Qe3 Qb5+ 23.c4 Qb4 24.a4 Qf8 25.Ba3 Qe8 26.g6 Nf6 27.Kg2 Nh5 28.Rh1
Nf4+ 29.Kf3 Nxg6 30.Qg5 Bxf5 31.Qxf5+ Kb8 32.c5 Nf4 33.Bb2 Ka7 34.Bxe5 Ng6
35.Bd6 Nh8 36.e5 g6 37.Qf6 g5 38.Rxh8 Qxh8 39.Qxh8 Rxh8 40.e6 Rg8 41.e7 
1-0

[Event "10th American Continental (w)"]
[Site "Envigado COL"]
[Date "2018.11.20"]
[Round "5.11"]
[White "Prado Serrano, Alexandra Naira"]
[Black "Chirivi Castiblanco, Jenny Astrid"]
[Result "0-1"]
[WhiteElo "1873"]
[BlackElo "2118"]
[EventDate "2018.11.17"]
[PlyCount "48"]

1.e4 c5 2.Nc3 Nc6 3.g3 g6 4.Bg2 Bg7 5.d3 d6 6.f4 e5 7.Nh3 Nge7 8.O-O O-O 
9.f5 gxf5 10.Qh5 f6 11.Bh6 Nd4 12.Rf2 Qe8 13.Qxe8 Rxe8 14.Bxg7 Kxg7 15.
Raf1 Rb8 16.exf5 Bxf5 17.g4 Bxg4 18.Rxf6 Nef5 19.Nd5 Rf8 20.Rxf8 Rxf8 21.
Nf2 Be2 22.Re1 Nh4 23.Rc1 Nxg2 24.c3 Ne6 0-1

[Event "10th American Continental (w)"]
[Site "Envigado COL"]
[Date "2018.11.20"]
[Round "6.1"]
[White "Fernandez, Maria Florencia"]
[Black "Cori Tello, Deysi"]
[Result "1/2-1/2"]
[WhiteElo "2198"]
[BlackElo "2406"]
[EventDate "2018.11.17"]
[PlyCount "70"]

1.d4 f5 2.c4 Nf6 3.Nc3 e6 4.Nf3 Bb4 5.Qc2 b6 6.a3 Bxc3+ 7.Qxc3 Bb7 8.g3 
O-O 9.Bg2 d6 10.O-O Qe7 11.b4 Nbd7 12.Bb2 Rac8 13.Qb3 Kh8 14.a4 c5 15.a5 
cxd4 16.axb6 axb6 17.Nxd4 Bxg2 18.Kxg2 Ne5 19.Rfc1 f4 20.Nf3 Ng6 21.Bxf6 
Qxf6 22.Qd3 fxg3 23.hxg3 Ne5 24.Nxe5 Qxe5 25.f4 Qb2 26.Rh1 h6 27.Ra7 Qf6 
28.Rd7 Rfd8 29.Rxd6 Rxd6 30.Qxd6 Rxc4 31.Qxb6 Kh7 32.Qd6 Qf5 33.Rd1 Qe4+ 
34.Kf2 Rxb4 35.Qd3 Qf5 1/2-1/2

[Event "10th American Continental (w)"]
[Site "Envigado COL"]
[Date "2018.11.20"]
[Round "6.2"]
[White "Llaudy Pupo, Lisandra"]
[Black "Cervantes Landeiro, Thalia"]
[Result "1-0"]
[WhiteElo "2302"]
[BlackElo "2098"]
[EventDate "2018.11.17"]
[PlyCount "131"]

1.e4 e5 2.Nf3 Nc6 3.Bb5 Nf6 4.d3 Bc5 5.c3 O-O 6.O-O d6 7.h3 a6 8.Ba4 Ba7 
9.Re1 Ne7 10.d4 Ng6 11.Bc2 c5 12.Be3 b5 13.Nbd2 Bb7 14.a4 Re8 15.dxe5 dxe5
16.axb5 axb5 17.Qe2 Bc6 18.b4 Nf4 19.Qf1 Qc7 20.bxc5 Ne6 21.Bd3 Bxc5 22.
Rxa8 Rxa8 23.Bxb5 Bxe4 24.Nxe4 Nxe4 25.Bc4 Bxe3 26.Rxe3 Nd6 27.Bxe6 fxe6 
28.Rxe5 Qxc3 29.Rxe6 Ra1 30.Re1 Rxe1 31.Qxe1 Qxe1+ 32.Nxe1 Kf7 33.Kf1 Kf6 
34.Ke2 g5 35.Nd3 h5 36.Ke3 Kf5 37.Kd4 Ne8 38.Nb4 Nc7 39.Nd3 Ne8 40.Nb4 Nc7
41.Ke3 Ne6 42.g3 Nc7 43.Nc2 Nd5+ 44.Kd4 Nf6 45.Ne3+ Kg6 46.f4 gxf4 47.gxf4
Nd7 48.Ke4 Nc5+ 49.Kd4 Nd7 50.Kd5 Kf6 51.Ke4 Nc5+ 52.Kf3 Nd3 53.Nf1 Kf5 
54.Ng3+ Kg6 55.Ke3 Nb4 56.h4 Nd5+ 57.Ke4 Nf6+ 58.Ke5 Ng4+ 59.Ke6 Nf6 60.
Ne2 Ne8 61.f5+ Kg7 62.Nf4 Nf6 63.Nd5 Ne4 64.Ke7 Ng3 65.f6+ Kg6 66.Ne3 1-0

[Event "10th American Continental (w)"]
[Site "Envigado COL"]
[Date "2018.11.20"]
[Round "6.3"]
[White "Marrero Lopez, Yaniet"]
[Black "Besso, Guadalupe"]
[Result "1/2-1/2"]
[WhiteElo "2253"]
[BlackElo "2069"]
[EventDate "2018.11.17"]
[PlyCount "108"]

1.e4 c5 2.Nf3 Nc6 3.Nc3 g6 4.Bb5 Bg7 5.O-O a6 6.Bxc6 dxc6 7.h3 Nf6 8.d3 b6
9.Be3 O-O 10.Qd2 e5 11.Bh6 Re8 12.a3 a5 13.Bxg7 Kxg7 14.Ne2 Ba6 15.Rfd1 
Qe7 16.Ng3 Nd7 17.a4 Nf8 18.Qc3 Qf6 19.Nf1 Bc8 20.N1d2 Ne6 21.Qxe5 Qxe5 
22.Nxe5 Nd4 23.c3 Ne2+ 24.Kf1 Nf4 25.Ndf3 Be6 26.Kg1 f6 27.Ng4 Rad8 28.d4 
cxd4 29.Nxd4 Bxg4 30.hxg4 c5 31.Nb5 Rxd1+ 32.Rxd1 Rxe4 33.Rd7+ Kg8 34.Rd6 
Rxa4 35.Rxf6 Nd3 36.Rxb6 Ra1+ 37.Kh2 Nxf2 38.Kg3 Nd3 39.Nd6 Rb1 40.Nc4 a4 
41.Rd6 Nxb2 42.Rb6 a3 43.Nxa3 Rc1 44.Nb5 Nd1 45.Rb8+ Kg7 46.g5 Nxc3 47.
Rb7+ Kg8 48.Nxc3 Rxc3+ 49.Kf4 Rc1 50.Ke5 c4 51.Rc7 Re1+ 52.Kf6 Rf1+ 53.Ke6
Re1+ 54.Kf6 Rf1+ 1/2-1/2

[Event "10th American Continental (w)"]
[Site "Envigado COL"]
[Date "2018.11.20"]
[Round "6.4"]
[White "Perez Rodriguez, Jennifer"]
[Black "Rodriguez Rueda, Paula Andrea"]
[Result "1-0"]
[WhiteElo "2203"]
[BlackElo "2275"]
[EventDate "2018.11.17"]
[PlyCount "92"]

1.e4 c5 2.Nf3 d6 3.c3 Nf6 4.Be2 Bd7 5.d3 e6 6.O-O Be7 7.Re1 O-O 8.Bf1 Bc6 
9.Nbd2 d5 10.e5 Ne8 11.d4 c4 12.Re3 Nd7 13.Ne1 g6 14.Qg4 Ng7 15.f4 f6 16.
Nc2 b5 17.exf6 Nxf6 18.Qe2 Bd7 19.g3 Bd6 20.Bh3 Kh8 21.Qg2 Nfh5 22.Nf3 Qb6
23.Bd2 a5 24.a3 b4 25.axb4 axb4 26.Rxa8 Rxa8 27.Nxb4 Ra1+ 28.Re1 Rxe1+ 29.
Bxe1 Nf6 30.Kh1 Nf5 31.Qg1 Qa7 32.g4 Ng7 33.Ne5 Be8 34.Bg3 Ne4 35.Nc2 Qa2 
36.Qc1 Qa7 37.Bg2 Nxg3+ 38.hxg3 Bxe5 39.fxe5 Qe7 40.Qf4 Bf7 41.Ne3 g5 42.
Qf1 Qa7 43.Qf6 Qa1+ 44.Kh2 Bg8 45.Nxd5 exd5 46.Qf5 Qxb2 1-0

[Event "10th American Continental (w)"]
[Site "Envigado COL"]
[Date "2018.11.20"]
[Round "6.5"]
[White "Rivera Banqueth, Ingris"]
[Black "Arribas Robaina, Maritza"]
[Result "1-0"]
[WhiteElo "2188"]
[BlackElo "2257"]
[EventDate "2018.11.17"]
[PlyCount "97"]

1.d4 Nf6 2.c4 g6 3.Nc3 Bg7 4.e4 d6 5.h3 c6 6.Nf3 O-O 7.Bd3 e5 8.d5 Nbd7 9.
O-O Nh5 10.dxc6 bxc6 11.Bc2 Nc5 12.Be3 Ne6 13.Qd2 c5 14.Nd5 Rb8 15.b3 Bb7 
16.Rae1 f5 17.exf5 gxf5 18.Ng5 Qd7 19.Qd1 Nhf4 20.Bxf4 Nxf4 21.Nxf4 exf4 
22.Ne6 f3 23.g3 Rf7 24.Ng5 Rf6 25.Qd3 Rg6 26.h4 f4 27.Qf5 Qxf5 28.Bxf5 
fxg3 29.Bxg6 hxg6 30.fxg3 Be5 31.Kh2 Rf8 32.Re3 Rf6 33.a3 a5 34.Rd3 f2 35.
Rd2 Bd4 36.Re2 Bc6 37.Ne6 Be5 38.Nd8 Bd7 39.Rexf2 Bf5 40.Nc6 Re6 41.Nxa5 
Bd4 42.Rxf5 gxf5 43.Rxf5 Re3 44.Kg2 Be5 45.Rf3 Re2+ 46.Kh3 Kg7 47.Nc6 Bf6 
48.a4 Re8 49.Rd3 1-0

[Event "10th American Continental (w)"]
[Site "Envigado COL"]
[Date "2018.11.20"]
[Round "6.6"]
[White "Ortiz Verdesoto, Anahi"]
[Black "Franco Valencia, Beatriz Irene"]
[Result "1-0"]
[WhiteElo "2115"]
[BlackElo "2191"]
[EventDate "2018.11.17"]
[PlyCount "89"]

1.d4 d6 2.c4 Nd7 3.Nc3 e5 4.Nf3 g6 5.e4 Bg7 6.d5 Ne7 7.Be2 O-O 8.Rb1 a5 9.
a3 f5 10.exf5 Nxf5 11.O-O h6 12.b4 axb4 13.axb4 b6 14.Bd3 Nf6 15.Qc2 Bd7 
16.Bd2 Qe7 17.Rbe1 Qd8 18.c5 Nd4 19.Nxd4 exd4 20.Nb5 Ng4 21.h3 Ne5 22.cxd6
cxd6 23.Nxd4 Qh4 24.Re4 Qd8 25.Nc6 Bxc6 26.dxc6 d5 27.Re3 Qd6 28.b5 g5 29.
Rg3 Kh8 30.Qb3 Qe6 31.Be3 Nc4 32.Bxc4 dxc4 33.Qb4 Rf5 34.Bxb6 Rb8 35.Re3 
Qd5 36.c7 Rc8 37.Rfe1 Re5 38.Rxe5 Bxe5 39.Qe7 Bg7 40.Qd8+ Qg8 41.Rd1 c3 
42.Qxc8 Qxc8 43.Rd8+ Kh7 44.Rxc8 c2 45.Be3 1-0

[Event "10th American Continental (w)"]
[Site "Envigado COL"]
[Date "2018.11.20"]
[Round "6.8"]
[White "Chirivi Castiblanco, Jenny Astrid"]
[Black "Castrillon Gomez, Melissa"]
[Result "1/2-1/2"]
[WhiteElo "2118"]
[BlackElo "2301"]
[EventDate "2018.11.17"]
[PlyCount "38"]

1.d4 Nf6 2.c4 c5 3.d5 b5 4.Nf3 g6 5.Qc2 Bg7 6.e4 bxc4 7.Bxc4 d6 8.O-O O-O 
9.h3 Nfd7 10.Bd3 Ba6 11.Nbd2 Nb6 12.Rb1 Qc8 13.b3 Bxd3 14.Qxd3 Na6 15.Nc4 
f5 16.a3 fxe4 17.Qxe4 Qf5 18.Qxf5 Rxf5 19.Ne3 Rff8 1/2-1/2

[Event "10th American Continental (w)"]
[Site "Envigado COL"]
[Date "2018.11.20"]
[Round "6.9"]
[White "Caballero Quijano, Mitzy Mishell"]
[Black "Aliaga Fernandez, Ingrid"]
[Result "1/2-1/2"]
[WhiteElo "1992"]
[BlackElo "2194"]
[EventDate "2018.11.17"]
[PlyCount "71"]

1.d4 d5 2.Nf3 Nf6 3.c4 dxc4 4.e3 e6 5.Bxc4 a6 6.O-O b5 7.Be2 Nbd7 8.a3 c5 
9.dxc5 Bxc5 10.b4 Be7 11.Nd4 Bb7 12.Bf3 Qb6 13.Bb2 O-O 14.Nb3 Rac8 15.N1d2
Bxf3 16.Nxf3 Rfd8 17.Qe2 Ne4 18.Bd4 Qb8 19.Rac1 Rxc1 20.Rxc1 Rc8 21.Rxc8+ 
Qxc8 22.Ne5 Nxe5 23.Bxe5 Nd6 24.Bxd6 Bxd6 25.Qd2 Qc7 26.h3 h6 27.Na5 Be5 
28.Kf1 g6 29.Ke2 Bf6 30.g3 Kg7 31.Nb3 Qc4+ 32.Qd3 Qc6 33.e4 h5 34.f3 h4 
35.gxh4 Bxh4 36.Kd2 1/2-1/2

[Event "10th American Continental (w)"]
[Site "Envigado COL"]
[Date "2018.11.20"]
[Round "6.10"]
[White "Cosme Contreras, Trilce"]
[Black "Roca Rojas, Ana Flavia"]
[Result "1/2-1/2"]
[WhiteElo "1829"]
[BlackElo "2132"]
[EventDate "2018.11.17"]
[PlyCount "82"]

1.d4 Nf6 2.c4 e6 3.Nc3 Bb4 4.Qc2 O-O 5.Bg5 d5 6.e3 a6 7.Bh4 Be7 8.Nf3 b6 
9.cxd5 exd5 10.Be2 Bb7 11.O-O Nbd7 12.Rfd1 Ne4 13.Bg3 Nxg3 14.hxg3 Re8 15.
a3 c6 16.Rac1 Bd6 17.Bd3 Nf6 18.Na4 Qe7 19.Nh4 Qc7 20.Nf5 Bf8 21.b4 Qd7 
22.Nh4 g6 23.Nf3 Bd6 24.Qe2 Rab8 25.Rc2 Qe7 26.Nh2 Kg7 27.Nc3 b5 28.Na2 
Ra8 29.Nf1 a5 30.Rb1 axb4 31.Nxb4 Rec8 32.Rc3 Ra4 33.Qb2 Nd7 34.Rcc1 Nb6 
35.Nd2 Bxb4 36.axb4 Rca8 37.Qc3 Nc4 38.Bxc4 bxc4 39.b5 Ra3 40.Qb4 Qxb4 41.
Rxb4 Ra1 1/2-1/2

[Event "10th American Continental (w)"]
[Site "Envigado COL"]
[Date "2018.11.20"]
[Round "6.11"]
[White "Cordero Loup, Ely Daniela"]
[Black "Miranda Rodriguez, Tania"]
[Result "0-1"]
[WhiteElo "2085"]
[BlackElo "2246"]
[EventDate "2018.11.17"]
[PlyCount "76"]

1.d4 Nf6 2.Nf3 c5 3.d5 g6 4.Nc3 d6 5.e4 Bg7 6.Bb5+ Nbd7 7.a4 O-O 8.O-O Ne8
9.Bf4 a6 10.Bc4 Nb6 11.Be2 Bg4 12.Nd2 Bxe2 13.Qxe2 Nc7 14.a5 Nd7 15.Nc4 
Nb5 16.Qd2 b6 17.Nd1 Nd4 18.axb6 Nxb6 19.Na5 e5 20.dxe6 fxe6 21.c3 Rxf4 
22.cxd4 Qf8 23.dxc5 dxc5 24.Nc3 Ra7 25.f3 Raf7 26.Qe2 c4 27.Kh1 Qc5 28.
Rfd1 Bd4 29.b4 Qd6 30.Nxc4 Nxc4 31.Qxc4 Rh4 32.h3 Rxf3 33.Qxd4 Rhxh3+ 34.
gxh3 Rxh3+ 35.Kg1 Qg3+ 36.Kf1 Rh1+ 37.Ke2 Rh2+ 38.Kf1 Qg2+ 0-1

[Event "10th American Continental (w)"]
[Site "Envigado COL"]
[Date "2018.11.22"]
[Round "7.1"]
[White "Cori Tello, Deysi"]
[Black "Llaudy Pupo, Lisandra"]
[Result "1-0"]
[WhiteElo "2406"]
[BlackElo "2302"]
[EventDate "2018.11.17"]
[PlyCount "69"]

1.d4 Nf6 2.g3 e6 3.Bg2 c5 4.Nf3 cxd4 5.Nxd4 d5 6.c4 e5 7.Nf3 d4 8.O-O Nc6 
9.e3 Bc5 10.exd4 exd4 11.Nbd2 O-O 12.Nb3 Qb6 13.Bg5 Ne4 14.Bf4 Re8 15.Ne1 
Bf5 16.Nd3 Bf8 17.Rc1 a5 18.a4 Rad8 19.Re1 f6 20.c5 Qa6 21.Bf1 Qa8 22.g4 
Bg6 23.h4 f5 24.g5 h6 25.f3 hxg5 26.hxg5 Bh5 27.Qc2 Bxf3 28.Qc4+ Kh7 29.
Rc2 Kg6 30.Rh2 Qc8 31.Nd2 Bg4 32.Nxe4 fxe4 33.Qg8 Bh5 34.Bh3 Ne7 35.Ne5# 
1-0

[Event "10th American Continental (w)"]
[Site "Envigado COL"]
[Date "2018.11.22"]
[Round "7.2"]
[White "Perez Rodriguez, Jennifer"]
[Black "Fernandez, Maria Florencia"]
[Result "1/2-1/2"]
[WhiteElo "2203"]
[BlackElo "2198"]
[EventDate "2018.11.17"]
[PlyCount "82"]

1.e4 e6 2.d4 d5 3.Bd3 c5 4.exd5 exd5 5.Nf3 Nc6 6.Qe2+ Be7 7.dxc5 Nf6 8.c3 
O-O 9.O-O Bxc5 10.Bg5 h6 11.Bh4 g5 12.Bg3 Re8 13.Qc2 Ne4 14.b4 Nxg3 15.
hxg3 Bb6 16.b5 Ne5 17.Nxe5 Rxe5 18.Nd2 Bg4 19.Nf3 Bxf3 20.gxf3 Rc8 21.Qb3 
Qf6 22.Kg2 Kg7 23.Rac1 h5 24.Rh1 Rh8 25.Qb4 Qe7 26.Qxe7 Rxe7 27.c4 dxc4 
28.Bxc4 Rd7 29.Rcd1 Rc7 30.Bb3 Re7 31.Rd5 f6 32.Bc4 h4 33.gxh4 gxh4 34.Bd3
Kf8 35.f4 Rg7+ 36.Kf3 h3 37.Rh2 Rh4 38.Bf5 Rg2 39.Rxg2 hxg2 40.Kxg2 Rxf4 
41.f3 Ra4 1/2-1/2

[Event "10th American Continental (w)"]
[Site "Envigado COL"]
[Date "2018.11.22"]
[Round "7.3"]
[White "Gonzalez Ochoa, Yoana"]
[Black "Marrero Lopez, Yaniet"]
[Result "0-1"]
[WhiteElo "2058"]
[BlackElo "2253"]
[EventDate "2018.11.17"]
[PlyCount "56"]

1.e4 e5 2.Nf3 Nc6 3.Bb5 a6 4.Ba4 Nf6 5.O-O b5 6.Bb3 Bb7 7.Re1 Bc5 8.c3 O-O
9.d4 Bb6 10.Bg5 h6 11.Bh4 d6 12.dxe5 Nxe5 13.Nxe5 dxe5 14.Nd2 Qe7 15.Qf3 
Rad8 16.Nf1 g5 17.Bg3 Rd6 18.Qf5 Nd7 19.Rad1 Kg7 20.Rxd6 cxd6 21.Ne3 Bxe3 
22.Rxe3 Nf6 23.Qf3 Nxe4 24.Qh5 f5 25.Bc2 Nf6 26.Qh3 f4 27.Qf5 Qf7 28.Rd3 
Bc8 0-1

[Event "10th American Continental (w)"]
[Site "Envigado COL"]
[Date "2018.11.22"]
[Round "7.4"]
[White "Besso, Guadalupe"]
[Black "Rivera Banqueth, Ingris"]
[Result "1/2-1/2"]
[WhiteElo "2069"]
[BlackElo "2188"]
[EventDate "2018.11.17"]
[PlyCount "91"]

1.d4 d6 2.Nf3 Nd7 3.c4 e5 4.Nc3 g6 5.e4 Bg7 6.Be2 Ngf6 7.O-O O-O 8.Be3 h6 
9.dxe5 dxe5 10.h3 c6 11.b4 Nh5 12.Qd2 Nf4 13.Rfd1 Qe7 14.Rab1 Re8 15.Bf1 
Kh7 16.c5 Nf8 17.Qd6 N4e6 18.Qxe7 Rxe7 19.b5 f5 20.bxc6 f4 21.cxb7 Bxb7 
22.Bc1 Nxc5 23.Ba3 Nfe6 24.Rb5 Rc8 25.Nd5 Rd7 26.Bxc5 Bxd5 27.Ba3 Bc6 28.
Rxd7 Bxd7 29.Rb7 Rc7 30.Rxc7 Nxc7 31.Bd6 Nb5 32.Bxb5 Bxb5 33.Nxe5 g5 34.h4
a6 35.a3 Bxe5 36.Bxe5 Bd3 37.hxg5 hxg5 38.f3 Kg6 39.Kf2 Bb5 40.Bc7 Bc4 41.
g3 fxg3+ 42.Kxg3 Bb5 43.Bd8 Bc6 44.Kf2 g4 45.fxg4 Bxe4 46.g5 1/2-1/2

[Event "10th American Continental (w)"]
[Site "Envigado COL"]
[Date "2018.11.22"]
[Round "7.5"]
[White "Cervantes Landeiro, Thalia"]
[Black "Ortiz Verdesoto, Anahi"]
[Result "0-1"]
[WhiteElo "2098"]
[BlackElo "2115"]
[EventDate "2018.11.17"]
[PlyCount "194"]

1.d4 Nf6 2.c4 e6 3.Nc3 Bb4 4.Nf3 O-O 5.Bg5 h6 6.Bh4 d6 7.e3 Nbd7 8.Be2 b6 
9.O-O Bxc3 10.bxc3 g5 11.Bg3 Ne4 12.Bd3 Ndf6 13.Nd2 Nxd2 14.Qxd2 Nh5 15.
Qe2 Ng7 16.e4 f5 17.f4 Bd7 18.Rad1 Be8 19.Qc2 Bg6 20.c5 Qd7 21.exf5 exf5 
22.a4 Qe7 23.Rfe1 Qf6 24.c6 Bf7 25.Qb2 Nh5 26.Rf1 g4 27.Qb5 Nxg3 28.hxg3 
a6 29.Qb4 h5 30.Qb1 Bd5 31.Bc2 Bxc6 32.Bb3+ Kg7 33.Rfe1 Be4 34.Bc2 d5 35.
Bxe4 dxe4 36.Qc1 h4 37.Qe3 Rh8 38.Kf2 hxg3+ 39.Qxg3 Qc6 40.d5 Qc5+ 41.Qe3 
Qxe3+ 42.Rxe3 Rh6 43.c4 Kf7 44.Rc3 Rd8 45.a5 Ke7 46.Ra1 Rb8 47.Rb3 Kd7 48.
Ra2 Rd6 49.c5 Rxd5 50.cxb6 cxb6 51.axb6 Rb5 52.Rba3 R5xb6 53.Rxa6 Rxa6 54.
Rxa6 Rb5 55.Rf6 Ke7 56.Ra6 Rd5 57.Ke2 Rd6 58.Ra5 Ke6 59.Re5+ Kf6 60.Ra5 
Rb6 61.Kf2 Rb2+ 62.Kf1 g3 63.Ra6+ Kf7 64.Ra3 Rf2+ 65.Kg1 Rxf4 66.Rxg3 Kf6 
67.Ra3 Kg5 68.Rb3 Rh4 69.Kf2 Rh7 70.Rb8 Rd7 71.Rg8+ Kf4 72.g3+ Ke5 73.Re8+
Kf6 74.Rf8+ Rf7 75.Ra8 Rc7 76.Rf8+ Kg6 77.Rg8+ Kf7 78.Ra8 Rc3 79.Ra6 Rf3+ 
80.Kg2 Ke7 81.Rb6 Rd3 82.Kf2 Rd6 83.Rb8 Rd2+ 84.Ke3 Rd3+ 85.Kf2 Ke6 86.
Re8+ Kd5 87.Rf8 Ke5 88.Re8+ Kd4 89.Rf8 Rf3+ 90.Kg2 Ke3 91.Ra8 Rf2+ 92.Kg1 
Kf3 93.Ra3+ e3 94.Rb3 Rd2 95.Rb5 Rd1+ 96.Kh2 e2 97.Rxf5+ Ke4 0-1

[Event "10th American Continental (w)"]
[Site "Envigado COL"]
[Date "2018.11.22"]
[Round "7.6"]
[White "Castrillon Gomez, Melissa"]
[Black "Franco Valencia, Beatriz Irene"]
[Result "1/2-1/2"]
[WhiteElo "2301"]
[BlackElo "2191"]
[EventDate "2018.11.17"]
[PlyCount "36"]

1.d4 d6 2.e4 Nf6 3.Nc3 c6 4.Nf3 g6 5.h3 Bg7 6.Be3 b5 7.Bd3 Bb7 8.O-O O-O 
9.e5 dxe5 10.dxe5 Nd5 11.Nxd5 Qxd5 12.Re1 Na6 13.Qe2 Nb4 14.Red1 Qe6 15.
Bc5 Na6 16.Be3 Nb4 17.Bc5 Na6 18.Be3 Nb4 1/2-1/2

[Event "10th American Continental (w)"]
[Site "Envigado COL"]
[Date "2018.11.22"]
[Round "7.7"]
[White "Rodriguez Rueda, Paula Andrea"]
[Black "Roca Rojas, Ana Flavia"]
[Result "1/2-1/2"]
[WhiteElo "2275"]
[BlackElo "2132"]
[EventDate "2018.11.17"]
[PlyCount "129"]

1.d4 c5 2.e3 e6 3.Nf3 Nf6 4.c4 Be7 5.Nc3 O-O 6.Bd3 a6 7.O-O d6 8.b3 b6 9.
Bb2 Bb7 10.d5 exd5 11.cxd5 Nbd7 12.a4 Re8 13.e4 Nf8 14.Nd2 Ng6 15.Nc4 Nd7 
16.f4 Bf8 17.Qd2 Rb8 18.Qf2 Nf6 19.Qc2 Bc8 20.e5 Ng4 21.h3 Nh6 22.Rae1 
dxe5 23.fxe5 b5 24.axb5 axb5 25.Nxb5 Rxb5 26.Nd6 Rb6 27.Nxe8 Qxe8 28.Bc4 
Kh8 29.Kh1 Bb7 30.Qd2 Qc8 31.e6 f6 32.Qa5 Rd6 33.Rd1 Be7 34.Ba3 Rd8 35.Rd2
Bd6 36.Bb5 Ne5 37.Qb6 Ng8 38.Bd7 Nxd7 39.Qxd6 Ne5 40.Qxc5 Qxc5 41.Bxc5 
Rxd5 42.Rxd5 Bxd5 43.e7 Nxe7 44.Bxe7 Bxb3 45.Rb1 Bg8 46.Rb7 Nf7 47.Bf8 h6 
48.Kh2 Kh7 49.Kg3 Kg6 50.Kf4 h5 51.Ke3 Kh7 52.h4 Kg6 53.g3 Kh7 54.Re7 Kg6 
55.Kd4 Kh7 56.Kc5 Kg6 57.Kb6 Kh7 58.Ra7 Kg6 59.Rd7 Kh7 60.Re7 Kg6 61.Kc7 
Kh7 62.Kd7 Kg6 63.Kc7 Kh7 64.Kd7 Kg6 65.Kc7 1/2-1/2

[Event "10th American Continental (w)"]
[Site "Envigado COL"]
[Date "2018.11.22"]
[Round "7.8"]
[White "Arribas Robaina, Maritza"]
[Black "Cosme Contreras, Trilce"]
[Result "1-0"]
[WhiteElo "2257"]
[BlackElo "1829"]
[EventDate "2018.11.17"]
[PlyCount "85"]

1.e4 c5 2.Nf3 d6 3.Bb5+ Bd7 4.Bxd7+ Qxd7 5.O-O Nc6 6.c4 e5 7.Nc3 g6 8.Rb1 
Bg7 9.a3 Nge7 10.b4 b6 11.d3 O-O 12.Qa4 Rad8 13.Nd5 Nxd5 14.cxd5 Nd4 15.
Qxd7 Nxf3+ 16.gxf3 Rxd7 17.bxc5 bxc5 18.Be3 f5 19.Rb5 f4 20.Bd2 Bf6 21.
Rfb1 Kg7 22.Kf1 Rff7 23.a4 Bd8 24.Rb8 Kf6 25.Ra8 Rf8 26.Rbb8 Kf7 27.a5 Ke7
28.Ke2 Rf7 29.Kd1 Rg7 30.Kc2 Rf7 31.Kb3 g5 32.Kc4 Ke8 33.a6 Ke7 34.Rxd8 
Rxd8 35.Rxa7+ Rd7 36.Rxd7+ Kxd7 37.a7 Rf8 38.Kb5 Kc7 39.Ka6 Ra8 40.Ba5+ 
Kc8 41.Kb6 h6 42.Ka6 h5 43.h3 1-0

[Event "10th American Continental (w)"]
[Site "Envigado COL"]
[Date "2018.11.22"]
[Round "7.9"]
[White "Miranda Rodriguez, Tania"]
[Black "Caballero Quijano, Mitzy Mishell"]
[Result "1-0"]
[WhiteElo "2246"]
[BlackElo "1992"]
[EventDate "2018.11.17"]
[PlyCount "67"]

1.e4 e6 2.d4 d5 3.Nd2 c5 4.exd5 Qxd5 5.Ngf3 cxd4 6.Bc4 Qd6 7.O-O Nf6 8.Nb3
Nc6 9.Nbxd4 Nxd4 10.Nxd4 Bd7 11.Re1 Qc7 12.Qe2 Bc5 13.Nb5 Qb6 14.Bf4 O-O 
15.Bc7 Qc6 16.Be5 a6 17.Nd4 Bxd4 18.Bxd4 Nd5 19.Be5 f6 20.Bg3 Rae8 21.Bb3 
b5 22.c3 Qc5 23.a4 Bc6 24.axb5 axb5 25.Ra5 Qb6 26.Rea1 Rf7 27.Bd6 Rd7 28.
Ra6 Qb7 29.Bg3 Kf7 30.Qh5+ Kf8 31.Qxh7 Nb6 32.h4 Nc4 33.Qh8+ Kf7 34.Qh5+ 
1-0